书目信息 |
| 题名: |
重新发现直觉主义
|
|
| 作者: | 尚新建 著 | |
| 分册: | ||
| 出版信息: | 北京 北京大学出版社 2000.03 |
|
| 页数: | 238页 | |
| 开本: | 32开 | |
| 丛书名: | ||
| 单 册: | ||
| 中图分类: | B565.51 | |
| 科图分类: | ||
| 主题词: | 哲学--欧洲 | |
| 电子资源: | ||
| ISBN: | 7-301-04512-3 | |
| 000 | 00556nam0 2200193 45 | |
| 001 | 0010250934 | |
| 005 | 20001025092131.9 | |
| 010 | @a7-301-04512-3@d11.00元 | |
| 100 | @a20001025d2000 km y0chiy0120 ea | |
| 101 | 0 | @achi |
| 105 | @a z 000yy | |
| 200 | 1 | @a重新发现直觉主义@AChong Xin Fa Xian Zhi Jue Zhu Yi@f尚新建著@FShang Xin Jian Zhu |
| 210 | @a北京@c北京大学出版社@d2000.03 | |
| 215 | @a238页@d32开 | |
| 606 | 0 | @a哲学@x欧洲 |
| 690 | @aB565.51@v3 | |
| 701 | 0 | @a尚新建@4著 |
| 801 | @aCN@bPftUser@c20001025 | |
| 905 | @b187813-815@dB565.51@eSH360@f3 | |
| 重新发现直觉主义/尚新建著.-北京:北京大学出版社,2000.03 |
| 238页;32开 |
| ISBN 7-301-04512-3:11.00元 |
| ● |
| 相关链接 |
|
|
|
正题名:重新发现直觉主义
索取号:B565.51/SH360
 
预约/预借
| 序号 | 登录号 | 条形码 | 馆藏地/架位号 | 状态 | 备注 |
| 1 | 187813 | 201878138 | 社科库509/509社科库 19排1列4层/ [索取号:B565.51/SH360] | 在馆 | |
| 2 | 187814 | 201878147 | 社科库509/509社科库 19排1列4层/ [索取号:B565.51/SH360] | 在馆 | |
| 3 | 187815 | 201878156 | 社科库509/509社科库 19排1列4层/ [索取号:B565.51/SH360] | 在馆 |